Homenaje a los pintores de la Real Academia de Bellas Artes de San Fernando: (Record no. 190501)

MARC details
000 -LEADER
campo de control de longitud fija 00995nam a2200229 4500
001 - NÚMERO DE CONTROL
campo de control 190501
003 - IDENTIFICADOR DE NÚMERO DE CONTROL
campo de control ES-MaACL
005 - FECHA Y HORA DE LA ÚLTIMA TRANSACCIÓN
campo de control 20230906223747.0
008 - DATOS DE LONGITUD FIJA--INFORMACIÓN GENERAL
campo de control de longitud fija 210420s1984 sp c 010 0dspa
080 ## - NÚMERO DE LA CLASIFICACIÓN DECIMAL UNIVERSAL
Número de la Clasificación Decimal Universal 75:929(460)"19"
245 00 - MENCIÓN DEL TÍTULO
Título Homenaje a los pintores de la Real Academia de Bellas Artes de San Fernando:
Resto del título [Galería de Arte Alfama, noviembre 1984 : exposición inaugural].
260 ## - PUBLICACIÓN, DISTRIBUCIÓN, ETC.
Lugar de publicación, distribución, etc. Madrid :
Nombre del editor, distribuidor, etc. Galería Alfama,
Fecha de publicación, distribución, etc. [1984]
300 ## - DESCRIPCIÓN FÍSICA
Extensión [44] p. :
Otras características físicas retr. ;
Dimensiones 27 cm.
505 8# - NOTA DE CONTENIDO CON FORMATO
Nota de contenido con formato Contiene: Luis Mosquera. Enrique Segura. J. Antonio Morales. J. Vaquero Palacios. H. Hidalgo de Caviedes. Álvaro Delgado. Genaro Lahuerta. Francisco Lozano. Luis García-Ochoa. José Vela Zanetti
650 #7 - PUNTO DE ACCESO ADICIONAL DE MATERIA--TÉRMINO DE MATERIA
Término de materia o nombre geográfico como elemento de entrada Pintores-
Subdivisión geográfica España-
Subdivisión cronológica S.XX.
9 (RLIN) 171362
655 #7 - TERMINO DE INDIZACIÓN--GENERO/FORMA
Fuente del término tgfbne
9 (RLIN) 193628
Datos o término principal de género/forma Catálogos de exposiciones
710 2# - ENTRADA AGREGADA--NOMBRE DE ENTIDAD CORPORATIVA
Nombre de entidad corporativa o nombre de jurisdicción como elemento de entrada Real Academia de Bellas Artes de San Fernando.
9 (RLIN) 6291
710 2# - ENTRADA AGREGADA--NOMBRE DE ENTIDAD CORPORATIVA
Nombre de entidad corporativa o nombre de jurisdicción como elemento de entrada Galería Alfama.
9 (RLIN) 171363
852 4# - LOCALIZACIÓN
Ubicación ES-MaACL
Número de control de estantería 2342-F-23
942 ## - ELEMENTOS DE ENTRADA SECUNDARIOS (KOHA)
Fuente del sistema de clasificación o colocación Clasificación decimal universal
Holdings
Estatus retirado Estado de pérdida Estado de daño No para préstamo Colección Biblioteca de origen Biblioteca actual Ubicación en estantería Fecha de adquisición Fuente de adquisición Total de préstamos Signatura topográfica completa Código de barras Visto por última vez Precio de reemplazo Tipo de ítem Koha
        Colección de folletos Biblioteca del Ateneo de Madrid Biblioteca del Ateneo de Madrid Depósito folletos 20/04/2021     2342-F-23 1202542 23/02/2023 23/02/2023 Folleto